000 00664nam a2200217 a 4500
999 _c3372
_d3372
001 3372
003 BD-JhCC
005 20171113194432.0
008 171113s1962 bg |||| ||a| 000 0 ben d
035 _a(BD-JhCC)3372
040 _aBD-JhCC
_dBD-JhCC
041 _aben
082 _a891.442
_bTHA 1962
100 _aঠাকুর, রবীন্দ্রনাথ
245 _aঅচলায়তন /
_cরবীন্দ্রনাথ ঠাকুর,
260 _aঢাকা :
_bবিশ্বভারতী গ্রন্থালয়,
_c1962
300 _a115 p. :
_c18 cm.
650 _aBengali Drama
942 _2ddc
_cBK